000 00695nam a2200289Ia 4500
008 210210b2015 xxu||||| |||| 00| 0 eng d
020 _a817254295X
041 _aeng
082 _a351.3 SUBS
100 _aSUBBURAJ (V V K)
245 _aSuras general studies manual for UPSC civil services preliminary exam 2015
260 _aChennai
_bSura College of Competition
_c2015
300 _axi, 1315
650 _aUPSC
650 _aSuras
650 _astudies
650 _aservices
650 _apreliminary
650 _amanual
650 _ageneral
650 _afor
650 _aexam
650 _acivil
650 _a2015
690 _aCivil Service
906 _a069088
999 _c153193
_d153193